00981cam a2200289 a 450000100090000000300120000900500170002100800410003801000170007902000190009602000160011504000180013104200080014905000210015708200260017824501030020426000550030730000470036249000440040950000220045350400510047565000450052665000490057165000300062070000230065070000180067317191612Nust- CAS-E20180116125513.0120302s2012 flua b 001 0 eng  a 2012003099 a9780415620895  a0415620899  aDLCcDLCdDLC apcc00aTD430b.R46 201200a628.162223bREN 201200aRenewable energy applications for freshwater production /ceditors, Jochen Bundschuh, Jan Hoinkis. aLeiden :bCRC Press ;aLondon :bIWA Pub.,cc2012. axxxv, 253 p. :bill. (some col.) ;c26 cm.0 aSustainable energy developments ;vv. 2 a"A Balkema book." aIncludes bibliographical references and index. 0aWaterxPurificationxEnergy consumption. 0aSaline water conversionxEnergy consumption. 0aRenewable energy sources.1 aBundschuh, Jochen.1 aHoinkis, Jan.